| 000 | 00886nas a2200301 4500 | ||
|---|---|---|---|
| 001 | BR2010000279 | ||
| 003 | BR-BrBNA | ||
| 005 | 20231205113826.0 | ||
| 007 | ta | ||
| 008 | 230509b bl.|||p| |||| 00| 00por d | ||
| 040 |
_aBR-BrBNA _bpor _cBiblioteca Nacional de Agricultura |
||
| 041 | _a(Pt) | ||
| 072 | _aF03 | ||
| 100 | 1 | _aFranco, F. de A. | |
| 100 | 1 | _aPinto, R.J.B. | |
| 100 | 1 | _aScapim, C.A. | |
| 100 | 1 | _aSchuster, I. | |
| 100 | 1 | _aPredebon, C.T. | |
| 100 | 1 | _aMarchioro, V.S. | |
| 245 | 1 | _aTolerância à germinação na espiga em cultivares de trigo colhido na maturação fisiológica | |
| 650 | _aTRIGO | ||
| 650 | _aMATURAÇÃO | ||
| 650 | _aGERMINAÇÃO | ||
| 650 | _aCOLHEITA | ||
| 773 | 0 |
_tCiência Rural (Brazil) _xISSN 0103-8478 _g(Dec 2009), v. 39(9) p. 2396-2401 _wBR2010000279 |
|
| 909 |
_a202311 _bLúcia _c55 _dLúcia Elande |
||
| 942 |
_2AGRIS _n0 _cANA |
||
| 999 |
_c205823 _d205823 |
||